| 000 | 00497nam a2200157 a 4500 | ||
|---|---|---|---|
| 005 | 20140311130135.0 | ||
| 008 | 030421s19uu xx 00 eng d | ||
| 020 | _a971-23-2751-5 | ||
| 100 | _aBelvez, Paz M. | ||
| 245 |
_aLearn Filipino the Easy Way ( For Foreigners & Non-Tagalog Speakers) / _cPaz M. Belvez. |
||
| 260 |
_aManila : _bRex Book Store, _c1999. |
||
| 650 |
_aTagalog language _xstudy & teaching |
||
| 650 |
_aTagalog language _xtexts for foreigners |
||
| 942 | _cBK | ||
| 999 |
_c35494 _d35494 |
||